Catálogo público

Cría rentable de patos y gansos (Record no. 62847)

MARC details
000 -CABECERA
campo de control de longitud fija 00882nam a22002897a 4500
003 - IDENTIFICADOR DEL NÚMERO DE CONTROL
campo de control CHAP
005 - FECHA Y HORA DE LA ÚLTIMA TRANSACCIÓN
campo de control 20220329141121.0
008 - DATOS DE LONGITUD FIJA--INFORMACIÓN GENERAL
campo de control de longitud fija 971010s1981 r 00010 d
010 ## - NÚMERO DE CONTROL DE LA BIBLIOTECA DEL CONGRESO
Número de control de LC 62847
011 ## - ENLACE DEL NUMERO DE CONTROL DE LA BIBLIOTECA DEL CONGRESO [OBSOLETO]
Número de control de LC 63819
035 ## - NÚMERO DE CONTROL DEL SISTEMA
Número de control de sistema 68306
040 ## - FUENTE DE LA CATALOGACIÓN
Centro/agencia transcriptor CHAP
082 ## - NÚMERO DE LA CLASIFICACIÓN DECIMAL DEWEY
Número de clasificación 598.4
Número de documento/Ítem B5
100 00 - ENTRADA PRINCIPAL--NOMBRE DE PERSONA
Nombre de persona Blay, Martin.
9 (RLIN) 13151
245 ## - MENCIÓN DE TÍTULO
Título Cría rentable de patos y gansos
Resto del título : manual práctico
260 ## - PUBLICACIÓN, DISTRIBUCIÓN, ETC.
Lugar de publicación, distribución, etc. Barcelona :
Nombre del editor, distribuidor, etc. De Vecchi,
Fecha de publicación, distribución, etc. 1981
300 ## - DESCRIPCIÓN FÍSICA
Extensión 176 p.
590 ## - NOTA LOCAL (RLIN)
Nota local BATCH-UPD
Procedencia (VM) [OBSOLETO] 10
Condición del los carretes individuales (VM) [OBSOLETO] 20130110
-- UCH01
-- 0602
590 ## - NOTA LOCAL (RLIN)
Nota local CONVERSION
Procedencia (VM) [OBSOLETO] 10
Condición del los carretes individuales (VM) [OBSOLETO] 20130109
-- UCH01
-- 1334
650 14 - PUNTO DE ACCESO ADICIONAL DE MATERIA--TÉRMINO DE MATERIA
Término de materia o nombre geográfico como elemento de entrada Gansos.
9 (RLIN) 45563
650 14 - PUNTO DE ACCESO ADICIONAL DE MATERIA--TÉRMINO DE MATERIA
Término de materia o nombre geográfico como elemento de entrada Patos.
9 (RLIN) 86202
901 ## - ELEMENTOS DE DATOS A LOCAL LDA (RLIN)
a BK
942 ## - ELEMENTOS DE PUNTO DE ACCESO ADICIONAL (KOHA)
Tipo de ítem Koha Libro
949 ## - PROCESAMIENTO DE INFORMACIÓN LOCAL (OCLC)
a 598.4 B5
b BC
c LIBRO
d 33724000663266
e LIBRO
g I. 123874
h 63595
i 68306
s i
t 35.00
949 ## - PROCESAMIENTO DE INFORMACIÓN LOCAL (OCLC)
a 636.597 B5
b Z
c LIBRO
d -419
e LIBRO
h 655
i 68306
s i
949 ## - PROCESAMIENTO DE INFORMACIÓN LOCAL (OCLC)
a 636.597 B5
b Z
c LIBRO
d -43664
e LIBRO
f c.2
h 624
i 68306
s i
Holdings
Estado de retiro Estado de pérdida Fuente del sistema de clasificación o colocación Estado dañado Restricciones de uso No para préstamo Código de colección Localización permanente Ubicación/localización actual Ubicación en estantería Fecha de adquisición Fuente de adquisición Información codificada de la localización en otra ubicación Total de préstamos Signatura topográfica completa Código de barras Fecha visto por última vez Precio válido a partir de Tipo de ítem Koha
    Dewey Decimal Classification   Préstamo 15 días   General Biblioteca Central Biblioteca Central Planta alta - Colección General 31/12/2019 I. 123874 LIBRO   598.4 B5 33724000663266 31/12/2019 31/12/2019 Libro